000 00831nam a2200277Ia 4500
001 Para_312
003 CHAP
008 220125s1991 xx 000 0 und d
010 _a199067
040 _cCHAP
090 _aPA FOLLETO 3233
100 _aValenzuela Vazquez, Mario
_9117509
245 _aAvances tecnologicos en el cultivo del algodonero /
_c por Mario Valenzuela Vazquez
260 _as.l. :
_b INIFAP. Campo Experimental "Delicias"
300 _a26 p.
410 _aPublicación especial; 15
650 _aAlgodón
_x maquinaría
_94034
710 _aI. INIFAP. México. Campo Experimental "Delicias"
_9164393
901 _aPA FOLLETO 3233
902 _aM
905 _a0000001991 0000000000 00
910 _a1991
942 _cPARA
942 _cPARA
_d14
999 _c199067
_d199067